[Event "Norm Congress-IM 2018"]
[Site "Saint Louis"]
[Date "2018.02.13"]
[Round "9"]
[White "Turgut, Tansel"]
[Black "Grabinsky, Aaron"]
[Result "1-0"]
[WhiteElo "2224"]
[BlackElo "2388"]
[Annotator "TA"]
[PlyCount "167"]
[EventDate "2018.??.??"]
[EventType "schev"]
[EventCountry "USA"]
[SourceTitle "playchess.com"]
[Source "ChessBase"]
[SourceQuality "1"]

{[%evp 9,167,16,35,2,74,45,112,-14,28,4,6,16,8,13,41,20,33,33,42,25,35,20,111,47,45,12,48,14,17,9,67,68,68,51,64,61,114,123,112,111,135,79,81,91,97,69,246,241,238,102,115,102,103,74,104,107,103,102,102,98,104,95,87,37,49,31,91,85,125,0,0,0,0,-32,0,-91,0,0,0,0,0,0,0,-10,0,0,0,-74,-68,-71,-14,-114,0,0,0,0,298,287,330,324,339,335,299,312,392,370,373,341,331,0,418,420,473,458,667,99,402,360,358,333,345,208,363,351,360,341,364,362,370,345,377,310,345,224,204,184,254,160,157,0,8,7,8,8,8,8,12,8,313,229,214,222,224,215,221,219,29973,29972,29968,29968]} 1. d4 c5 2. c3 Qc7 3. Nf3 Nf6 4. g3 b6 5. Bg2 Bb7 6. O-O {A46: 1 d4 Nf6 2 Nf3 e6: Torre, London and Colle Systems} g6 (6... e6 $11) 7. Re1 (7. e4 $5) 7... Bg7 (7... d6 $14) 8. Na3 $146 (8. e4 $1 $16) ({Predecessor:} 8. Bf4 d6 9. e4 O-O 10. dxc5 bxc5 11. e5 Nd5 12. exd6 exd6 13. Bd2 Nd7 {1-0 (51) Mozny,M (2346)-Stastny,J (2246) Czechia 2012}) 8... d6 9. dxc5 bxc5 10. e4 Nfd7 11. Bg5 a6 12. Nc4 {Hoping for e5.} Nc6 13. Qd2 O-O 14. Rad1 Rfe8 15. Ne3 Qa5 (15... Rab8 $11) 16. Nd5 (16. e5 $1 $16) 16... Rac8 $14 17. a3 c4 18. Bh6 Bh8 19. Re2 e6 (19... Nde5 $11) 20. Ne3 $1 {[%cal Re3c4]} Nce5 21. Nxe5 Nxe5 22. Qxd6 Ng4 (22... Qb5 $14) 23. Qf4 $16 (23. Nxg4 Rcd8 $14) 23... Nxh6 24. Qxh6 Bc6 25. Rd6 (25. Ng4 $142) 25... Bg7 26. Qh4 Qc5 27. Red2 g5 $2 (27... h5 $14) 28. Qh5 $18 Rb8 29. R6d4 (29. e5 $18 Bxg2 30. Kxg2) 29... Bxd4 $16 30. cxd4 Qe7 31. Nxc4 Red8 32. e5 Bxg2 33. Kxg2 f6 34. exf6 Qxf6 35. Ne5 {Strongly threatening Nc6.} Rbc8 36. Rd3 Rf8 $1 37. Rf3 Qg7 (37... Qe7 $14) 38. Qg4 Rf6 {[#]} 39. Rxf6 ({White should try} 39. d5 $1 $16 {[%mdl 512]}) 39... Qxf6 {[%mdl 4096] Endgame KQR-KQN} 40. Qe2 Qf5 41. Qe3 Rc2 {[%mdl 1024] Black has compensation.} 42. b4 (42. d5 $11) 42... Ra2 (42... g4 $17) 43. h3 $11 h6 44. Nf3 Kg7 45. g4 Qd5 {Threatens to win with ...Rb2.} 46. Kg3 Rb2 47. Nd2 $1 Rc2 (47... e5 $5 48. Qc3 $8 Qxd4 49. Qc7+ Kh8 50. Qc8+ Kg7 51. Qb7+ Kh8 52. Qc8+ Kg7 53. Qb7+ Kh8 54. Qc8+ $11) 48. Ne4 (48. Nf3 $11) 48... Rc4 $1 $17 49. Nc5 Kf6 (49... Kf7 $17 50. Qd3 Qxd4 51. Qxd4 Rxd4) 50. Qd3 (50. f4 $11 {remains equal.}) 50... Qd6+ (50... Qxd4 $6 51. Qh7 $11) ({Better is} 50... Rc1 $1 $17 {[%cal Rc1g1] ( -> ...Rg1+)} 51. f3 Rg1+ 52. Kf2 Rh1) 51. Kg2 $11 {Ne4+ is the strong threat.} Rxd4 52. Qh7 $1 {[%cal Rh7h6]} Ke5 $2 {[%mdl 8192]} (52... Qd5+ $11 53. Kg3 Qe5+ 54. Kg2 Qd5+ 55. Kh2 Qe5+ 56. Kg2 Qd5+) 53. Qxh6 $18 {[%cal Rh6g5]} Qe7 54. Qh8+ (54. Nxa6 Qb7+ 55. f3 Rd2+ 56. Kg3 Qe7 $16) 54... Kd5 55. Qa8+ (55. Nxa6 Qd6 $16) 55... Ke5 56. Qxa6 Qe8 57. Qe2+ Kf6 58. Ne4+ Kg6 {[#]} 59. Nc5 $2 (59. Nxg5 $1 $18 {[%mdl 512]} Qc6+ (59... Kxg5 60. Qe5+) 60. Nf3) 59... e5 $2 {[%mdl 8192]} (59... Kf6 $1 $11) 60. Qa6+ Kh7 {[#]} 61. Ne4 $1 {[%mdl 512] White threatens Nf6+ and mate.} Qe7 (61... Qg6 $142 62. Qb7+ Kh6) (61... Rxe4 62. Qb7+) 62. Ng3 $2 (62. Qc6 $18 {and White stays clearly on top.} Rd3 63. a4) 62... Rd6 $2 {[%mdl 8192]} (62... Qd6 $16 {is a better chance.} 63. Qc8 Qd5+ 64. Kh2 Qf3 65. Qc2+ e4) 63. Qe2 Rd4 64. Qc2+ Kh8 65. Qc8+ Rd8 $2 (65... Qd8 {was called for.} 66. Qf5 Qd5+ 67. Kg1 Rf4 68. Qxg5 Qd1+ 69. Nf1 Qe1 70. Qh4+ Kg7) 66. Qc6 Rd6 67. Qa8+ Rd8 68. Qe4 Rd4 69. Qe3 Rf4 70. Kh2 Qc7 71. Ne4 Qc2 72. Nd2 $1 (72. Nxg5 Qxf2+ 73. Qxf2 Rxf2+ 74. Kg3 Ra2 $11) 72... e4 (72... Kh7 {was worth a try.} 73. Nf3 Kh6) 73. Qd4+ Kg8 74. Qd8+ (74. Kg2 $16) 74... Kf7 $132 {[%mdl 2048] Black is fighting back} 75. Qd7+ Kf6 76. Qd6+ Kf7 77. Kg2 {And now Qd7+ would win.} Qc3 78. b5 {Black must now prevent b6.} e3 $2 {[%mdl 8192]} (78... Qd3 $11 {and Black is okay.} 79. Qc7+ Ke8) 79. Qd7+ Kf8 80. Qd8+ $1 Kf7 {[#]} 81. Qd5+ $1 Kf8 {[#]} 82. Ne4 $1 {[%cal Re4c3]} exf2 $2 (82... Qc7 $18 83. fxe3 Qc2+ 84. Nd2 Rf6 85. Qd8+ Kf7) 83. Qd6+ (83. Nxc3 {is a self mate.} f1=Q+ 84. Kh2 Rf2+ 85. Kg3 Qg1+ 86. Qg2 Qxg2#) 83... Ke8 84. Qxf4 {Precision: White = 51%, Black = 38%.} (84. Nxc3 $2 {leads to mate.} f1=Q+ 85. Kh2 Rf2+ 86. Kg3 Rg2#) 1-0